[Event "Oberliga Ost-A 2122"]
[Site "Germany"]
[Date "2022.05.07"]
[Round "9.4"]
[White "Just, Wolfgang"]
[Black "Kahe, Ralph"]
[Result "1-0"]
[WhiteElo "2075"]
[BlackElo "2170"]
[PlyCount "47"]
[EventDate "2021.10.10"]
[EventType "team-tourn"]
[EventRounds "11"]
[EventCountry "GER"]
[SourceTitle "EXT 2023"]
[Source "ChessBase"]
[SourceDate "2022.10.05"]
[SourceVersion "1"]
[SourceVersionDate "2022.10.05"]
[SourceQuality "1"]
[WhiteTeam "Leipzig VfB"]
[BlackTeam "Magdeburg Rochade"]
[WhiteTeamCountry "GER"]
[BlackTeamCountry "GER"]

1. e4 g6 2. f4 d5 3. e5 c5 4. Nf3 Bg4 5. Bb5+ Nc6 6. Bxc6+ bxc6 7. 0-0 h5 8. Qe1 Nh6 9. Ng5 e6 10. d3 Qb6 11. c4 Bf5 12. Rf3 Be7 13. Nc3 Qb4 14. Bd2 Qxb2 15. Rb1 Qa3 16. cxd5 exd5 17. e6 f6 18. Nf7 Nxf7 19. exf7+ Kf8 20. Rb7 c4 21. d4 Qd6 22. Re3 Bd7 23. Nb5 cxb5 24. Rxe7 1-0

[Event "GER-ch Seniors 50 32nd"]
[Site "Magdeburg"]
[Date "2020.08.19"]
[Round "6"]
[White "Kahe, Ralph"]
[Black "Loew, Gerald"]
[Result "1/2-1/2"]
[WhiteElo "2165"]
[BlackElo "2152"]
[PlyCount "86"]
[EventDate "2020.08.14"]
[EventType "swiss"]
[EventRounds "9"]
[EventCountry "GER"]
[SourceTitle "EXT 2021"]
[Source "ChessBase"]
[SourceDate "2020.10.23"]
[SourceVersion "1"]
[SourceVersionDate "2020.10.23"]
[SourceQuality "1"]

1. d4 d6 2. e4 Nf6 3. f3 e5 4. d5 Be7 5. Be3 0-0 6. Qd2 c6 7. c4 b5 8. Nc3 bxc4 9. Bxc4 Bb7 10. Nge2 Nbd7 11. dxc6 Bxc6 12. Rd1 Nb6 13. Bb3 Rc8 14. 0-0 Qd7 15. Rc1 Qb7 16. Rfd1 Rfd8 17. Nd5 Nfxd5 18. exd5 Bb5 19. Nc3 Bd7 20. Ne4 Rxc1 21. Rxc1 Rc8 22. Rc3 h6 23. g4 Rxc3 24. Nxc3 Qc8 25. Qe2 f5 26. gxf5 Bxf5 27. Bc2 Bxc2 28. Qxc2 Qh3 29. Qg2 Qh4 30. Qe2 Bg5 31. Bxb6 axb6 32. Ne4 Bf4 33. Nxd6 Qd8 34. Ne4 Qxd5 35. b3 Kh8 36. Kg2 Qf7 37. Qf2 Qg6+ 38. Kh1 Qc6 39. Qb2 Qd5 40. Qc2 Qd4 41. Kg2 Qa1 42. a4 Be3 43. Nf2 Qe1 1/2-1/2

[Event "Sachsen-Anhalt Landesliga-A 1920"]
[Site "Sachsen Anhalt"]
[Date "2019.10.20"]
[Round "2.1"]
[White "Kahe, Ralph"]
[Black "Zeuner, Ole"]
[Result "1/2-1/2"]
[WhiteElo "2083"]
[BlackElo "1865"]
[PlyCount "138"]
[EventDate "2019.09.29"]
[EventType "team-tourn"]
[EventRounds "9"]
[EventCountry "GER"]
[SourceTitle "EXT 2023"]
[Source "ChessBase"]
[SourceDate "2022.10.05"]
[SourceVersion "1"]
[SourceVersionDate "2022.10.05"]
[SourceQuality "1"]
[WhiteTeam "Magdeburg Rochade II"]
[BlackTeam "Magdeburg Aufbau Elbe III"]
[WhiteTeamCountry "GER"]
[BlackTeamCountry "GER"]

1. d4 Nf6 2. c4 g6 3. Nc3 Bg7 4. e4 d6 5. f3 0-0 6. Be3 a6 7. Qd2 Nbd7 8. Nh3 c6 9. a4 e5 10. dxe5 Nxe5 11. Nf2 Be6 12. b3 Qe7 13. Be2 Rfd8 14. Bd4 Ned7 15. 0-0 d5 16. cxd5 cxd5 17. e5 Ne8 18. Nd3 f6 19. exf6 Nexf6 20. Nf4 Bf7 21. Rfd1 Qd6 22. Nh3 Nc5 23. Qb2 Ne6 24. Bf2 d4 25. Na2 Nd5 26. Bd3 Ne3 27. Rd2 Nc5 28. Nc1 Rac8 29. Rb1 h6 30. Bg3 Qb6 31. Nf2 Re8 32. Ne4 Nxe4 33. fxe4 Rc3 34. Be1 Be5 35. h3 g5 36. Re2 Rc6 37. Na2 g4 38. Nb4 Rg6 39. Nd5 Bxd5 40. exd5 Rf6 41. Bh4 Rf7 42. hxg4 Nxg4 43. Rbe1 Ne3 44. Qb1 Rg7 45. Kh1 Qd6 46. Rxe3 dxe3 47. Rxe3 Rf8 48. Qe1 Bf6 49. Bg3 Qd7 50. d6 Bg5 51. Bc4+ Kh8 52. Be5 Bxe3 53. Qxe3 Kh7 54. Bd3+ Rg6 55. Qe4 Qf7 56. Bc4 Qd7 57. Bd3 Qf7 58. Bc3 Re8 59. Qxg6+ Qxg6 60. Bxg6+ Kxg6 61. Ba5 b6 62. Bxb6 Re1+ 63. Kh2 Rd1 64. Bc5 Kf6 65. b4 Rd5 66. Kg3 Ke6 67. a5 Rg5+ 68. Kf3 Rf5+ 69. Ke4 Rg5 1/2-1/2

[Event "Oberliga Ost-A 1819"]
[Site "Germany"]
[Date "2019.02.03"]
[Round "7.8"]
[White "Hentze, Markus"]
[Black "Kahe, Ralph"]
[Result "1/2-1/2"]
[WhiteElo "2141"]
[BlackElo "2168"]
[PlyCount "79"]
[EventDate "2018.10.21"]
[EventType "team-tourn"]
[EventRounds "11"]
[EventCountry "GER"]
[SourceTitle "EXT 2020"]
[Source "ChessBase"]
[SourceDate "2019.10.17"]
[SourceVersion "1"]
[SourceVersionDate "2019.10.17"]
[SourceQuality "1"]
[WhiteTeam "Leipzig SG"]
[BlackTeam "Magdeburg Rochade"]
[WhiteTeamCountry "GER"]
[BlackTeamCountry "GER"]

1. e4 g6 2. d4 Bg7 3. Nc3 a6 4. f4 b5 5. a3 Bb7 6. e5 d6 7. Nf3 Nd7 8. Be3 e6 9. Bd3 Ne7 10. 0-0 Nb6 11. Qe2 0-0 12. Rfc1 Qd7 13. Nd1 Ned5 14. c4 bxc4 15. Bxc4 Nxc4 16. Rxc4 Rfb8 17. Rac1 a5 18. R4c2 Ba6 19. Qd2 Bb5 20. Nc3 Ba4 21. Nxa4 Qxa4 22. Ng5 Rb3 23. Bf2 Bh6 24. exd6 Bxg5 25. fxg5 cxd6 26. Rc8+ Rxc8 27. Rxc8+ Kg7 28. h4 Qb5 29. Rc2 a4 30. Qc1 Qb7 31. Be1 Rd3 32. Rd2 Qb5 33. Rxd3 Qxd3 34. Qd2 Qe4 35. Bg3 e5 36. dxe5 dxe5 37. Kh2 Ne3 38. Kg1 Nf5 39. Qd8 Nxg3 40. Qf6+ 1/2-1/2

[Event "Sachsen-Anhalt Verbandsliga 2017/18"]
[Site "Sachsen Anhalt"]
[Date "2018.04.15"]
[Round "9.1"]
[White "Kahe, Ralph"]
[Black "Kalkhof, Stefan"]
[Result "0-1"]
[WhiteElo "2180"]
[BlackElo "2193"]
[PlyCount "170"]
[EventDate "2017.12.22"]
[EventType "team-tourn"]
[EventRounds "9"]
[EventCountry "GER"]
[SourceTitle "EXT 2020"]
[Source "ChessBase"]
[SourceDate "2019.10.17"]
[SourceVersion "1"]
[SourceVersionDate "2019.10.17"]
[SourceQuality "1"]
[WhiteTeam "Magdeburg Rochade II"]
[BlackTeam "Loeberitz II"]
[WhiteTeamCountry "GER"]
[BlackTeamCountry "GER"]

1. d4 f5 2. Bg5 d6 3. e3 g6 4. Nf3 Bg7 5. Nbd2 Nc6 6. c3 Nf6 7. Qb3 a5 8. a4 h6 9. Bh4 e6 10. Bc4 d5 11. Bb5 0-0 12. Ne5 Ne7 13. f4 c6 14. Be2 Qe8 15. Bxf6 Bxf6 16. Ndf3 Rb8 17. Qb6 Qd8 18. Qxd8 Rxd8 19. h4 h5 20. Kd2 Bd7 21. Rhb1 Be8 22. Nd3 Nc8 23. Nc5 Kf7 24. b4 axb4 25. Rxb4 Nd6 26. Rab1 b5 27. Bd3 Ra8 28. Kc2 Ra7 29. Ng5+ Bxg5 30. fxg5 Rda8 31. axb5 cxb5 32. R4b2 Ke7 33. Nb3 Rc8 34. Kd2 Rac7 35. Ra2 Rxc3 36. Nc5 R3xc5 37. dxc5 Rxc5 38. Ra7+ Bd7 39. g3 Kd8 40. Rc1 Nc4+ 41. Bxc4 dxc4 42. Kc3 Rd5 43. Kb4 Ke7 44. Ra6 Rd3 45. Rc3 Rd1 46. Rb6 Rb1+ 47. Kc5 Rb3 48. Rc1 Rxe3 49. Rd1 Rxg3 50. Rbd6 Be8 51. Ra1 c3 52. Ra7+ Kf8 53. Kb4 c2 54. Rc7 Rg4+ 55. Kb3 Rxh4 56. Rxc2 Rg4 57. Rc7 Rxg5 58. Rd8 h4 59. Rcc8 Rg3+ 60. Kc2 g5 61. Rxe8+ Kf7 62. Rf8+ Kg6 63. Rc6 Re3 64. Kd2 f4 65. Rc5 Kh5 66. Rh8+ Kg4 67. Rxb5 e5 68. Rb7 Ra3 69. Rb5 Re3 70. Rb7 e4 71. Rb5 Rd3+ 72. Ke1 Re3+ 73. Kd2 Rd3+ 74. Ke1 Re3+ 75. Kd2 Rg3 76. Rg8 h3 77. Rgxg5+ Kf3 78. Rh5 e3+ 79. Kd3 Kf2 80. Rb1 e2+ 81. Kd2 f3 82. Rh1 Kg2 83. Ra1 Rg8 84. Ke1 Rg3 85. Ra4 f2+ 0-1

[Event "Oberliga Ost-A 1617"]
[Site "Germany"]
[Date "2017.05.07"]
[Round "11.8"]
[White "Kahe, Ralph"]
[Black "Oehl, Tim"]
[Result "0-1"]
[WhiteElo "2147"]
[BlackElo "2126"]
[PlyCount "110"]
[EventDate "2016.10.16"]
[EventType "team-tourn"]
[EventRounds "11"]
[EventCountry "GER"]
[SourceTitle "EXT 2018"]
[Source "ChessBase"]
[SourceDate "2017.10.13"]
[SourceVersion "1"]
[SourceVersionDate "2017.10.13"]
[SourceQuality "1"]
[WhiteTeam "Magdeburg Rochade"]
[BlackTeam "Dresden USV TU II"]
[WhiteTeamCountry "GER"]
[BlackTeamCountry "GER"]

1. d4 Nf6 2. c4 g6 3. Nc3 Bg7 4. e4 d6 5. f3 c6 6. Be3 a6 7. Bd3 b5 8. e5 Ng8 9. f4 Nh6 10. Nf3 Bf5 11. Be2 Qc7 12. h3 b4 13. Na4 Nd7 14. 0-0 Nb6 15. Nxb6 Qxb6 16. c5 dxc5 17. dxc5 Qb7 18. Bc4 Qc8 19. Qb3 a5 20. Ng5 0-0 21. Rad1 Qb8 22. Rd2 a4 23. Qd1 Kh8 24. g4 f6 25. Nf3 Be4 26. exf6 exf6 27. Qe2 Ra7 28. Rfd1 Re7 29. Qf2 Rfe8 30. Nd4 Qc8 31. Qh4 Bf3 32. Nxf3 Rxe3 33. Kg2 R3e4 34. Rd4 Rxd4 35. Rxd4 Qc7 36. Rd6 Re4 37. b3 axb3 38. axb3 Nf7 39. Bxf7 Qxf7 40. Rxc6 Qb7 41. Rb6 Re2+ 42. Kg3 Qc7 43. g5 f5 44. Rxb4 Qxc5 45. Rb8+ Bf8 46. Nd4 Re3+ 47. Kg2 Kg8 48. Qh6 Qd6 49. Rc8 Re4 50. Nf3 Rxf4 51. Kf2 Re4 52. Ra8 Qc5+ 53. Kf1 Qc1+ 54. Kf2 Qc2+ 55. Kg3 f4+ 0-1

[Event "Oberliga Ost-A 1617"]
[Site "Germany"]
[Date "2016.11.19"]
[Round "2.8"]
[White "Kahe, Ralph"]
[Black "Will, Matthias"]
[Result "1/2-1/2"]
[WhiteElo "2147"]
[BlackElo "2024"]
[PlyCount "88"]
[EventDate "2016.10.16"]
[EventType "team-tourn"]
[EventRounds "11"]
[EventCountry "GER"]
[SourceTitle "EXT 2018"]
[Source "ChessBase"]
[SourceDate "2017.10.13"]
[SourceVersion "1"]
[SourceVersionDate "2017.10.13"]
[SourceQuality "1"]
[WhiteTeam "Magdeburg Rochade"]
[BlackTeam "Naumburg"]
[WhiteTeamCountry "GER"]
[BlackTeamCountry "GER"]

1. d4 f5 2. Bg5 g6 3. Nc3 Bg7 4. e4 fxe4 5. Nxe4 d5 6. Ng3 Nh6 7. Nf3 Nf7 8. Bf4 Bg4 9. Be2 Nc6 10. c3 0-0 11. 0-0 Qd7 12. h3 Be6 13. Ng5 Nxg5 14. Bxg5 h6 15. Bd2 Bf5 16. Nxf5 Qxf5 17. Bg4 Qf6 18. Qb3 Qd6 19. f4 h5 20. Bf3 e6 21. Rae1 Rf6 22. Re5 Na5 23. Qb5 Qb6 24. Qxb6 axb6 25. Bc1 Nc6 26. Ree1 Bh6 27. a3 Ne7 28. g3 Raf8 29. h4 Nf5 30. Kg2 Rd8 31. Be3 Bf8 32. Bg1 Bd6 33. c4 c6 34. cxd5 exd5 35. Bd1 Kf7 36. Bb3 Re6 37. Rxe6 Kxe6 38. Re1+ Kf7 39. Kf3 Re8 40. Rxe8 Kxe8 41. Bf2 Nh6 42. Bc2 Kf7 43. Be1 Be7 44. Bf2 Bf6 1/2-1/2

[Event "Oberliga Ost-A 1617"]
[Site "Germany"]
[Date "2016.10.16"]
[Round "1.6"]
[White "Kahe, Ralph"]
[Black "Roseneck, Jonas"]
[Result "1-0"]
[WhiteElo "2147"]
[BlackElo "2011"]
[PlyCount "97"]
[EventDate "2016.10.16"]
[EventType "team-tourn"]
[EventRounds "11"]
[EventCountry "GER"]
[SourceTitle "EXT 2018"]
[Source "ChessBase"]
[SourceDate "2017.10.13"]
[SourceVersion "1"]
[SourceVersionDate "2017.10.13"]
[SourceQuality "1"]
[WhiteTeam "Magdeburg Rochade"]
[BlackTeam "Magdeburg Aufbau Elbe"]
[WhiteTeamCountry "GER"]
[BlackTeamCountry "GER"]

1. d4 Nf6 2. c4 g6 3. Nc3 Bg7 4. e4 d6 5. f3 0-0 6. Be3 Nc6 7. Nge2 e6 8. Rb1 e5 9. d5 Ne7 10. g3 Nd7 11. Bg2 f5 12. 0-0 Nf6 13. h3 Kh8 14. c5 Neg8 15. cxd6 cxd6 16. Qd2 Bd7 17. g4 h6 18. b4 Nh7 19. a4 h5 20. gxf5 gxf5 21. f4 Ne7 22. fxe5 Bxe5 23. Nd4 Qe8 24. Ne6 Bxe6 25. dxe6 Qg6 26. Nd5 Nxd5 27. exd5 f4 28. e7 Rg8 29. Bd4 f3 30. Bxe5+ dxe5 31. d6 fxg2 32. Rfe1 Ng5 33. Rb3 Qe6 34. Rg3 Qf5 35. Rxg5 Qxg5 36. Qxg5 Rxg5 37. d7 Rgg8 38. Rxe5 Rge8 39. Kxg2 Kg7 40. Kg3 Kf6 41. dxe8Q Rxe8 42. Kf4 b6 43. h4 a5 44. b5 Kg6 45. Re6+ Kf7 46. Kf5 Kg7 47. Rg6+ Kf7 48. Rf6+ Kg7 49. Ke6 1-0

[Event "GER-chT Seniors 25th"]
[Site "Magdeburg"]
[Date "2016.10.12"]
[Round "4.6"]
[White "Kannenberg, Karl Heinz"]
[Black "Kahe, Ralph"]
[Result "0-1"]
[WhiteElo "2214"]
[BlackElo "2189"]
[PlyCount "148"]
[EventDate "2016.10.09"]
[EventType "team-swiss"]
[EventRounds "7"]
[EventCountry "GER"]
[SourceTitle "EXT 2019"]
[Source "ChessBase"]
[SourceDate "2018.10.10"]
[SourceVersion "1"]
[SourceVersionDate "2018.10.10"]
[SourceQuality "1"]
[WhiteTeam "Bayern"]
[BlackTeam "Sachsen Anhalt"]
[WhiteTeamCountry "GER"]
[BlackTeamCountry "GER"]

1. d4 g6 2. Bf4 Bg7 3. Nc3 d6 4. Qd2 a6 5. Nf3 h6 6. h3 b5 7. a3 Bb7 8. e4 Nd7 9. Be2 c5 10. d5 Ngf6 11. Qe3 Qa5 12. 0-0 g5 13. Bh2 0-0 14. Kh1 Rfe8 15. h4 g4 16. Nd2 e6 17. Bxd6 exd5 18. Qg3 d4 19. Bc7 Nh5 20. Qd6 Be5 21. Qxe5 Nxe5 22. Bxa5 dxc3 23. Bxc3 Nf4 24. Rfe1 Nxe2 25. Rxe2 Ng6 26. g3 Re6 27. Kg1 Rae8 28. Nb3 Rc8 29. Rae1 b4 30. axb4 cxb4 31. Bd4 Ba8 32. c3 bxc3 33. Nc5 Rec6 34. Rd1 cxb2 35. Rxb2 Ne5 36. Bxe5 Rxc5 37. Bf4 Bxe4 38. Bxh6 Bf3 39. Ra1 Rb5 40. Rba2 Rcb8 41. Rc1 a5 42. Bd2 Ra8 43. Kf1 a4 44. Ra3 Rd5 45. Be1 Rd4 46. Bc3 Rc4 47. Bd2 Rd4 48. Be3 Rd5 49. Bg5 Kg7 50. Rca1 f6 51. Bf4 Rad8 52. Re1 Rd1 53. Ra1 Rxa1 54. Rxa1 a3 55. Be3 a2 56. Ke1 Kg6 57. Bd2 Re8+ 58. Be3 Ra8 59. Bd4 Ra4 60. Bc3 Re4+ 61. Kf1 Rc4 62. Bb2 Rc2 63. h5+ Kxh5 64. Bxf6 Kg6 65. Bd4 Kf5 66. Re1 Be4 67. Rd1 Rc7 68. Ke1 Bf3 69. Ra1 Ke4 70. Bb2 Kd3 71. Rxa2 Rh7 72. Ra3+ Kc2 73. Rc3+ Kxb2 74. Rc5 Rd7 0-1

[Event "Oberliga Ost-A 1516"]
[Site "Germany"]
[Date "2016.01.17"]
[Round "7.5"]
[White "Kahe, Ralph"]
[Black "Mertens, Fridolin"]
[Result "1/2-1/2"]
[WhiteElo "2158"]
[BlackElo "2132"]
[PlyCount "60"]
[EventDate "2015.09.20"]
[EventType "team-tourn"]
[EventRounds "11"]
[EventCountry "GER"]
[SourceTitle "EXT 2017"]
[Source "ChessBase"]
[SourceDate "2016.10.25"]
[SourceVersion "1"]
[SourceVersionDate "2016.10.25"]
[SourceQuality "1"]
[WhiteTeam "Magdeburg Rochade"]
[BlackTeam "Loeberitz"]
[WhiteTeamCountry "GER"]
[BlackTeamCountry "GER"]

1. d4 e6 2. Nf3 Nf6 3. g3 Be7 4. Bg2 0-0 5. 0-0 d5 6. Nbd2 Nbd7 7. c4 c6 8. Qc2 b6 9. cxd5 cxd5 10. Nb1 Bb7 11. Nc3 Rc8 12. Qb3 Ne4 13. Bd2 Nxd2 14. Nxd2 Nf6 15. Rfd1 Qd6 16. a3 Rfd8 17. e3 Qb8 18. Rac1 Ba6 19. Na2 Rd7 20. Qa4 Bd3 21. Bf1 Bxf1 22. Kxf1 Rdc7 23. Rc3 b5 24. Qa6 Rxc3 25. bxc3 Rc7 26. Rb1 Qc8 27. Qxc8+ Rxc8 28. Rxb5 Bxa3 29. Ra5 Bb2 30. Rxa7 h6 1/2-1/2